000 00354nam a22001451a 4500
082 _aM3
_bVAR/K
100 _aVarkey Muttathu
245 _aKarakanakkadal/
_cby Varkey Muttathu
260 _aThrissur:
_bCurrent Books,
_c1999.
300 _a239p.
650 _aNovel Malayalam
650 _aLiterature Malayalam
650 _aLiterature
942 _cBK
999 _c22877
_d22877